00217nam a2200085Ia 450000100070000000500170000700800410002424500420006526000240010797589420250826220657.0250824s9999 xx 000 0 und d 0aŞIKcHÜSEYİN RAHMİ GÜRPINAR bÖZGÜR YAYINLARI